People with Melania Trump Quiz - Statistics

General Stats
  • This quiz has been taken 49 times
  • The average score is 5 of 15
Answer Stats
Picture Answer % Correct
Bill Clinton/Kylie Bax
86%
Michelle Obama
74%
Pope Francis
74%
Theresa May/Philip May
63%
Barron Trump
58%
Shinzo Abe
47%
Akie Abe
42%
Moon Jae-In/Kim Jung-Sook
14%
Teresa Parson/Mike Parson
5%
Kyle Kashuv
2%
Margaret Kenyatta
2%
Agata Kornhauser-Duda
0%
Gertrude Mutharika
0%
Jayanthi Sirisena/Maithripala Sirisena
0%
Juliana Awada
0%
No matching quizzes found
Score Distribution
Percent of People with Each Score
Percentile by Number Answered
Your Score History
You have not taken this quiz